Reglament del II Concurs de Teatre Català Amateur / Federaració Catalana de Societats de Teatre Amateur
Descripción Física:
[4] f. ; 27 cm
MARC
| LEADER | 00000nam a2200000Ia 4500 | ||
|---|---|---|---|
| 001 | 19550 | ||
| 008 | 160829s1932 xx 000 0 cat d | ||
| 080 | |a RF-6-25 | ||
| 110 | 2 | |a Federació Catalana de Societats de Teatre Amateur |9 56297 | |
| 245 | |a Reglament del II Concurs de Teatre Català Amateur / Federaració Catalana de Societats de Teatre Amateur | ||
| 260 | |a Barcelona : |b [s.n.], |c 1932 | ||
| 300 | |a [4] f. ; |c 27 cm | ||
| 590 | |a Prové de 4170, exp. 92 | ||
| 650 | 0 | |a Teatre d'afeccionats |x Concursos |z Catalunya |9 46687 | |
| 650 | |a Teatre d'afeccionats |x Concursos |x Normes |9 37336 | ||
| 856 | 4 | |u https://media.diba.cat/diba/fitxers/arxiu/fulletons/bib_19550_1933_baixa.pdf |y Accés lliure | |
| 856 | 4 | |u https://media.diba.cat/diba/fitxers/arxiu/fulletons/bib_19550_1933_baixa.pdf |y Accés lliure | |
| 901 | |a Arxiu | ||
| 942 | |n 1 |2 udc | ||
| 952 | |0 0 |1 0 |4 0 |6 RF625 |7 1 |9 53383 |a Arxiu |b Arxiu |d 2016-12-01 |l 0 |o RF-6-25 |p 19550 |r 2016-12-01 00:00:00 |w 2016-12-01 |y ARXIU | ||
| 999 | |c 57248 |d 57248 | ||
| 900 | |a bib_19550_1933_baixa.pdf | ||